The Humanist

Bibliographic Details
Format: eBook
Language:English
Published: Estados Unidos American Humanist Association 2013
Subjects:
Online Access:Acceso restringido

MARC

LEADER 00000nam a22000007a 4500
005 20160125105127.0
007 cr|||| ||u|
008 160125s19932013-usun|pos|||| 0||| 1eng d
022 |a 0018-7399  
035 |a 2914 
040 |a vLex 
090 |c 5842  |d 5842 
245 1 4 |a The Humanist  |h [Recurso electrn̤ico] /  |c American Humanist Association  
256 |a Servicio en ln̕ea  
260 |a Estados Unidos   |b American Humanist Association   |c 2013 
300 |a 1 recurso electrn̤ico  
310 |a Desconocida 
506 1 |a Contenido solo disponible en los productos indicados  |d vLex Global  |d vLex Global (Academic Edition, excluding Law Schools)  |d vLex Global (U.S. Academic Edition, Law Schools)  |d vLex Global (U.S. Academic Edition, excluding Law Schools)  |d vLex Global (Academic Edition, Law Schools) 
650 0 4 |a Revistas  |z Estados Unidos  
740 0 |a vLex revistas (servicio en ln̕ea)  
856 4 0 |u http://vlex.com/source/humanist-2914  |z Acceso restringido  
942 |c REV 
999 0 |a Periodicals